[Event "Cearense Classic op"]
[Site "Fortaleza"]
[Date "2017.09.09"]
[Round "3"]
[White "Da Costa Brandao, Joao Marcus"]
[Black "Vacis, Gabriel Nunes"]
[Result "1-0"]
[WhiteElo "1835"]
[BlackElo "1653"]
[PlyCount "51"]
[EventDate "2017.09.07"]
[EventType "swiss"]
[EventRounds "6"]
[EventCountry "BRA"]
[SourceTitle "EXT 2019"]
[Source "ChessBase"]
[SourceDate "2018.10.10"]
[SourceVersion "1"]
[SourceVersionDate "2018.10.10"]
[SourceQuality "1"]

1. d4 d5 2. Nf3 Nf6 3. e3 e6 4. Bd3 Bd6 5. 0-0 0-0 6. Nbd2 h6 7. e4 dxe4 8. Nxe4 Nxe4 9. Bxe4 Re8 10. Re1 c6 11. Be3 Nd7 12. Qd2 Qf6 13. c4 Nb6 14. Rac1 Nd7 15. d5 exd5 16. Bd4 Qf4 17. Bh7+ Kf8 18. Rxe8+ Kxe8 19. Re1+ Kf8 20. Qe2 Qe4 21. Bxe4 dxe4 22. Qxe4 Kg8 23. Qd3 Nf8 24. Re8 b6 25. Be5 Bxe5 26. Rxf8+ 1-0

[Event "Cearense Classic op"]
[Site "Fortaleza"]
[Date "2017.09.09"]
[Round "4"]
[White "Nunes, Moezio Correia"]
[Black "Da Costa Brandao, Joao Marcus"]
[Result "1-0"]
[WhiteElo "1868"]
[BlackElo "1835"]
[PlyCount "65"]
[EventDate "2017.09.07"]
[EventType "swiss"]
[EventRounds "6"]
[EventCountry "BRA"]
[SourceTitle "EXT 2019"]
[Source "ChessBase"]
[SourceDate "2018.10.10"]
[SourceVersion "1"]
[SourceVersionDate "2018.10.10"]
[SourceQuality "1"]

1. e4 c5 2. Nf3 Nc6 3. g3 g6 4. Bg2 Bg7 5. 0-0 Nf6 6. d3 0-0 7. Bg5 Qb6 8. Bc1 d5 9. Nbd2 dxe4 10. dxe4 Rd8 11. Qe2 Bg4 12. Nc4 Nd4 13. Qe3 Qa6 14. Na3 b5 15. Nxd4 cxd4 16. Qf4 Rac8 17. e5 Be2 18. Re1 Nd5 19. Bxd5 Rxd5 20. Rxe2 b4 21. Qg4 bxa3 22. b3 Rxe5 23. Rxe5 Bxe5 24. Qe4 Bf6 25. Bh6 d3 26. Re1 Bb2 27. Rd1 g5 28. Qf5 Rxc2 29. Qxg5+ Qg6 30. Rxd3 f6 31. Qd5+ Kh8 32. Qa8+ Qg8 33. Rd8 1-0

[Event "Cearense Classic op"]
[Site "Fortaleza"]
[Date "2017.09.08"]
[Round "2"]
[White "Lopes de Lima, Alan Elkinson"]
[Black "Da Costa Brandao, Joao Marcus"]
[Result "1-0"]
[WhiteElo "2018"]
[BlackElo "1835"]
[PlyCount "39"]
[EventDate "2017.09.07"]
[EventType "swiss"]
[EventRounds "6"]
[EventCountry "BRA"]
[SourceTitle "EXT 2019"]
[Source "ChessBase"]
[SourceDate "2018.10.10"]
[SourceVersion "1"]
[SourceVersionDate "2018.10.10"]
[SourceQuality "1"]

1. d4 d5 2. c4 Nc6 3. Nf3 Bg4 4. cxd5 Bxf3 5. exf3 Qxd5 6. Be3 e6 7. Nc3 Bb4 8. a3 Bxc3+ 9. bxc3 0-0-0 10. Be2 Nge7 11. 0-0 Nf5 12. Rb1 e5 13. Rb5 Qa2 14. Bd3 Nd6 15. Rb3 Na5 16. Rb4 Qxa3 17. dxe5 Qxc3 18. Rd4 Ndc4 19. Bf5+ Kb8 20. Rxd8+ 1-0

[Event "Cearense Classic op"]
[Site "Fortaleza"]
[Date "2017.09.07"]
[Round "1"]
[White "Da Costa Brandao, Joao Marcus"]
[Black "Brandao, Marcius Gomes"]
[Result "1/2-1/2"]
[WhiteElo "1835"]
[BlackElo "2069"]
[PlyCount "45"]
[EventDate "2017.09.07"]
[EventType "swiss"]
[EventRounds "6"]
[EventCountry "BRA"]
[SourceTitle "EXT 2019"]
[Source "ChessBase"]
[SourceDate "2018.10.10"]
[SourceVersion "1"]
[SourceVersionDate "2018.10.10"]
[SourceQuality "1"]

1. d4 Nf6 2. Nf3 g6 3. e3 Bg7 4. Bd3 0-0 5. 0-0 d6 6. c4 Nc6 7. Nc3 e5 8. h3 exd4 9. Nxd4 Nxd4 10. exd4 d5 11. c5 Nh5 12. Be2 c6 13. Be3 Qh4 14. Qd2 f5 15. Bxh5 f4 16. Be2 fxe3 17. fxe3 Bxh3 18. gxh3 Qg3+ 19. Kh1 Qxh3+ 20. Kg1 Bh6 21. Nd1 Qg3+ 22. Kh1 Qh3+ 23. Kg1 1/2-1/2

[Event "Fortaleza Edmar Monte 4th"]
[Site "Fortaleza"]
[Date "2017.07.30"]
[Round "6"]
[White "Da Costa Brandao, Joao Marcus"]
[Black "De Araujo, Jose Claudio"]
[Result "0-1"]
[WhiteElo "1835"]
[BlackElo "1883"]
[PlyCount "72"]
[EventDate "2017.07.27"]
[EventType "swiss"]
[EventRounds "6"]
[EventCountry "BRA"]
[SourceTitle "EXT 2018"]
[Source "ChessBase"]
[SourceDate "2017.10.13"]
[SourceVersion "1"]
[SourceVersionDate "2017.10.13"]
[SourceQuality "1"]

1. d4 d5 2. Nf3 e6 3. e3 c5 4. c3 Nf6 5. Bd3 Nbd7 6. 0-0 Bd6 7. Nbd2 0-0 8. e4 dxe4 9. Nxe4 Nxe4 10. Bxe4 h6 11. Be3 Nf6 12. Bd3 Qc7 13. g3 b6 14. Nd2 Bb7 15. f3 cxd4 16. cxd4 Nd5 17. Bf2 Rfc8 18. Nc4 Nb4 19. Nxd6 Qxd6 20. Be4 Bd5 21. a3 Nc6 22. Qd3 Rd8 23. Rac1 Rac8 24. Rc3 Ne7 25. Rfc1 Qb8 26. g4 g6 27. Bg3 Qb7 28. Rc7 Qa8 29. Bh4 g5 30. Be1 Bxe4 31. fxe4 Rxc7 32. Rxc7 Ng6 33. Qf1 Nf4 34. Bg3 Qxe4 35. Bxf4 Qxd4+ 36. Qf2 Qxf4 0-1

[Event "Fortaleza Sales Memorial"]
[Site "Fortaleza"]
[Date "2016.05.27"]
[Round "3"]
[White "Da Paixao, Irineu Vieira"]
[Black "Da Costa Brandao, Joao Marcus"]
[Result "0-1"]
[WhiteElo "1846"]
[BlackElo "1716"]
[PlyCount "74"]
[EventDate "2016.05.26"]
[EventType "swiss"]
[EventRounds "6"]
[EventCountry "BRA"]
[SourceTitle "CBM 172 Extra"]
[Source "ChessBase"]
[SourceDate "2016.06.21"]
[SourceVersion "1"]
[SourceVersionDate "2016.06.21"]
[SourceQuality "1"]

1. d4 d5 2. Nf3 c5 3. e3 Nc6 4. Bd3 Bg4 5. c3 Nf6 6. Nbd2 e6 7. Qa4 c4 8. Be2 Bd6 9. h3 Bf5 10. g4 Be4 11. Nxe4 Nxe4 12. Nd2 Nxd2 13. Bxd2 a6 14. e4 dxe4 15. Qxc4 Qd7 16. Qb3 0-0 17. Qc2 f5 18. gxf5 exf5 19. 0-0-0 Rac8 20. Qb3+ Kh8 21. Kb1 Na5 22. Qc2 b5 23. f3 Qb7 24. fxe4 fxe4 25. d5 b4 26. c4 b3 27. Qxe4 bxa2+ 28. Ka1 Rb8 29. Bc3 Rf4 30. Qc2 Nxc4 31. Bxc4 Rxc4 32. Qe2 Rcc8 33. Rhg1 Rc7 34. Rde1 Re7 35. Bxg7+ Rxg7 36. Qe8+ Bf8 37. Rxg7 Qxb2# 0-1